Pisanie wszystkich liter od A do Z w 15s - Statystyki

Ogólne statystyki
  • Ten quiz został rozwiązany 55 razy
  • Średni wynik to 22 z 26
Statystyki odpowiedzi
Hint Odpowiedź % Poprawnych
5 E
100%
1 A
97%
2 B
97%
6 F
97%
4 D
94%
8 H
94%
10 J
94%
11 K
94%
15 O
94%
3 C
90%
7 G
90%
9 I
90%
12 L
90%
16 P
90%
19 S
90%
14 N
87%
18 R
87%
13 M
84%
20 T
84%
23 W
84%
21 U
81%
26 Z
77%
17 Q
68%
25 Y
68%
24 X
61%
22 V
55%
Nie znaleziono quizów pasujących do podanych kryteriów
Rozkład punktacji
Procent ludzi z każdym wynikiem
Percentyl według liczby udzielonych odpowiedzi
Twoja historia wyników
Nie rozwiązałeś tego quizu